000 01080nam a2200265Ia 4500
003 Ost
005 20260507075127.0
008 260507s9999||||xx |||||||||||||| ||und||
020 _a2130328977
040 _cfsecg
041 _aara
082 _a330
100 _aفضلى، هشام
_eمؤلف
245 0 _aتداول الأوراق المالية والقيد في الحساب :
_bدراسة قانونية مقارنة في نظام الإيداع والقيد المركزي للأوراق المالية /
_c هشام فضلى
260 _aالإسكندرية:
_bدار الجامعة,
_c2005
300 _a293 صفحة؛
_c25 سم
490 _aالمكتبة القانونية
520 _aنظام الإيداع والقيد المركزي وشروط التداول-الإيداع والقيد المركزي وأثار التداول
653 _aأثار التداول
653 _aالأوراق المالية
653 _aالإيداع المركزي
653 _aالتداول
653 _aشروط التداول
942 _cكتاب
999 _c43161
_d43161